Diary of a wimpy kid hard luck (Record no. 586373)

000 -LEADER
fixed length control field 00309nam a22001217a 4500
020 ## - INTERNATIONAL STANDARD BOOK NUMBER
International Standard Book Number 9780141355481
040 ## - CATALOGING SOURCE
Transcribing agency NUST
082 ## - DEWEY DECIMAL CLASSIFICATION NUMBER
Classification number 823-CH
Author Mark KIN
100 ## - MAIN ENTRY--PERSONAL NAME
Personal name Jeff Kinney
9 (RLIN) 82080
245 ## - TITLE STATEMENT
Title Diary of a wimpy kid hard luck
260 ## - PUBLICATION, DISTRIBUTION, ETC.
Place of publication, distribution, etc. UK:
Name of publisher, distributor, etc. Puffin Books Penguin Random House UK,
Date of publication, distribution, etc. 2013.
942 ## - ADDED ENTRY ELEMENTS (KOHA)
Source of classification or shelving scheme
Koha item type Book
Holdings
Withdrawn status Lost status Source of classification or shelving scheme Damaged status Not for loan Permanent Location Current Location Shelving location Date acquired Shelving control number Full call number Barcode Date last seen Price effective from Koha item type Public note
          College of Electrical & Mechanical Engineering (CEME) College of Electrical & Mechanical Engineering (CEME) Fiction 09/02/2021 English Literature 823-CH KIN CEME-50276 09/02/2021 09/02/2021 Book CART-4
© 2023 Central Library, National University of Sciences and Technology. All Rights Reserved.